000
00277nam a2200109Ia 4500
001
1272323
005
20260417151426.0
008
260417s9999 xx 000 0 und d
020
_a
9786258486421
245
0
_a
Arlo Uyuyamayan Aslan
_c
Catherine Rayner
260
_b
Ketebe Çocuk
999
_c
1272323
_d
1272323